Advanced steel design of structures / Srinivasan Chandrasekaran. (Record no. 22211)

000 -LEADER
fixed length control field 00553nam a22001457a 4500
020 ## - INTERNATIONAL STANDARD BOOK NUMBER
ISBN 9780367232900
082 ## - DEWEY DECIMAL CLASSIFICATION NUMBER
Classification number 624.1821
Item number C456 2020
100 ## - MAIN ENTRY--AUTHOR NAME
Personal name Chandrasekaran, Srinivasan, author.
245 ## - TITLE STATEMENT
Title Advanced steel design of structures / Srinivasan Chandrasekaran.
260 ## - PUBLICATION, DISTRIBUTION, ETC. (IMPRINT)
Place of publication Boca Raton, Florida, FL :
Name of publisher CRC Press,
Year of publication ©2020.
300 ## - PHYSICAL DESCRIPTION
Number of Pages 1 online resource, xxi, 279 pages :
Other physical details illustrations (some color)
500 ## - GENERAL NOTE
General note It includes bibliographical references and index.
650 ## - SUBJECT ADDED ENTRY--TOPICAL TERM
Topical Term Advanced steel design of structures—Applications
942 ## - ADDED ENTRY ELEMENTS (KOHA)
Koha item type Electronic Books
Holdings
Source of acquisition Permanent Location Date acquired Collection code Koha item type Lost status Shelving location Withdrawn status Current Location Full call number
DonationCagayan State University - Carig Library2026-04-14E-BooksElectronic Books E-Resource Section Cagayan State University - Carig Library624.1821 C456 2020

Cagayan State University University Library, Carig Campus
Tuguegarao City, Cagayan 3500 | www.csucarig.edu.ph

Powered by Koha